[Event "Chihuahua Bionext op"]
[Site "Chihuahua City"]
[Date "2019.11.28"]
[Round "1"]
[White "Esparza Ramirez, Joel Enrique"]
[Black "Cuenca Jimenez, Jose Fernando"]
[Result "0-1"]
[WhiteElo "1591"]
[BlackElo "2523"]
[PlyCount "72"]
[EventDate "2019.11.28"]
[EventType "swiss"]
[EventRounds "7"]
[EventCountry "MEX"]
[SourceTitle "CBM 193 Extra"]
[Source "ChessBase"]
[SourceDate "2020.01.31"]
[SourceVersion "1"]
[SourceVersionDate "2020.01.31"]
[SourceQuality "1"]

1. e4 e6 2. d4 d5 3. exd5 exd5 4. Bd3 Bd6 5. Nf3 Bg4 6. 0-0 Nc6 7. c3 Nge7 8. Nbd2 Qd7 9. Re1 0-0-0 10. b4 Ng6 11. b5 Nce7 12. Qa4 Kb8 13. Ne5 Nxe5 14. dxe5 Bc5 15. Nb3 Bb6 16. Be3 Rhe8 17. Nc5 Qc8 18. Qb4 Bf5 19. Bf1 Ng6 20. a4 Nxe5 21. a5 Bxc5 22. Qxc5 b6 23. Qd4 Re6 24. axb6 cxb6 25. Qa4 Qc7 26. Bd4 Rde8 27. f4 Nf3+ 28. gxf3 Rxe1 29. Be5 R8xe5 30. fxe5 Rxa1 31. Qxa1 Qxe5 32. Qa3 Qe3+ 33. Kg2 Bh3+ 34. Kxh3 Qxf3+ 35. Kh4 Qf4+ 36. Kh5 g6# 0-1